Úloha hypotekárneho úverovania pri rozvoji bývania a jeho vplyv na vývoj ekonomiky vo svete a v SR dizertačná práca

Salvato in:
Dettagli Bibliografici
Autore principale: Jančovič, Ľuboš
Ente Autore: Národohospodárska fakulta EU. Katedra financií
Altri autori: Majcher, Milan
Natura: Libro
Lingua:slovacco
Pubblicazione: Bratislava 2009
Soggetti:
Tags: Aggiungi Tag
Nessun Tag, puoi essere il primo ad aggiungerne!!

MARC

LEADER 00000nam$a2200000$$$4500
001 0098864
005 20240502072105.6
041 0 |a slo 
044 |a SK 
245 1 0 |a Úloha hypotekárneho úverovania pri rozvoji bývania a jeho vplyv na vývoj ekonomiky vo svete a v SR  |b dizertačná práca  |c Ľuboš Jančovič ; škol. Milan Majcher 
264 1 |a Bratislava  |c 2009 
300 |a 161 s. 
610 2 0 |a úver hypotekárny 
610 2 0 |a bývanie 
610 2 0 |a byty 
100 1 |a Jančovič, Ľuboš 
700 1 |a Majcher, Milan 
710 2 |a Národohospodárska fakulta EU. Katedra financií